[Event "Eliteserien 2009-2010"]
[Site "Oslo"]
[Date "2009.11.06"]
[Round "1.2"]
[White "Djurhuus, Rune"]
[Black "Grandelius, Nils"]
[Result "1-0"]
[WhiteElo "2446"]
[BlackElo "2542"]
[Annotator "Axel Smith"]
[PlyCount "79"]
[EventDate "2009.??.??"]
[WhiteTeam "Akademisk"]
[BlackTeam "Kristiansund"]

1. d4 Nf6 2. c4 g6 3. Nc3 d5 4. cxd5 Nxd5 5. e4 Nxc3 6. bxc3 Bg7 7. Bc4 c5 8.
Ne2 O-O 9. O-O Nc6 10. Be3 Na5 11. Bd3 b6 12. Rb1 {Blev spelat i
Tikkanen-Smith 2008. Nu slutade partiet med 12...Dc7 och direkt remi.} cxd4 13.
cxd4 e6 14. f4 $6 {Nu spelar vit efter samma plan som i Nybäck-Grandelius,
Sigeman 2009, fast med det mindre nyttiga Tb1 gjort.} Bb7 15. f5 exf5 16. exf5
Qd5 $5 {Gjorde Nils också mot Nybäck. Förhoppningen är inte att vit ska missa
matthotet, utan att han ska försvaga d4-bonden.} 17. Nf4 Qd6 18. Kh1 Rfe8 $2 {
Detta naturliga utvecklingsdrag är antagligen fel, eftersom vit hotarpjäsvinst
med Lxa5 i nästa drag. Att f7 blir försvagat är också farligt, men det kan
svart leva med.} (18... Nc6 $5 {pressar vidare på d4}) 19. Bd2 Be4 20. fxg6
hxg6 21. Bxe4 Rxe4 22. Qf3 $1 f5 (22... Rae8 23. Nh5 $1 {
var draget Nils hade missat} gxh5 24. Qxf7+ Kh7 25. Rb5 $18) 23. Bb4 Qf6 24.
Nd5 Qg5 25. Nc3 Ree8 26. Qd5+ Kh8 27. Ne4 {
Djurhuus fortsätter att spela kraftfullt.} Qe3 28. Nd6 Qe6 29. Qf3 Red8 30.
Rbe1 Qxa2 {Att spela Dxa2 i en helt förlorad ställning är ett tema som kom
igen i lördagens rond.} 31. Re7 Rf8 32. Qg3 Kh7 33. Qe5 Qg8 34. Rf3 g5 35. Nxf5
Rf7 36. Rh3+ Kg6 37. Re6+ Rf6 38. Rxf6+ Bxf6 39. Rh6+ Kf7 40. Rxf6# 1-0

[Event "Eliteserien 2009-2010"]
[Site"Oslo"]
[Date "2009.11.06"]
[Round "1.2"]
[White "Smith, Axel"]
[Black "Hole, Oystein"]
[Result "1-0"]
[WhiteElo "2414"]
[BlackElo "2386"]
[Annotator "Axel Smith"]
[PlyCount "143"]
[EventDate "2007.06.25"]

1. c4 c6 2. Nf3 d5 3. g3 Nf6 4. Bg2 dxc4 5. O-O Bf5 6. Na3 e6 7. Nxc4 Nbd7 8.
d3 Be7 9. b3 (9. Nd4 Bg6 10. Bxc6 bxc6 11. Nxc6 Qc8 12. Nxe7 Kxe7 13. b3 Kf8 $1
{ger inte vit komp}) 9... O-O 10. Bb2 (10. Nd4 Bg6 11. Bxc6 bxc6 12. Nxc6 Qe8
13. Nxe7+ Qxe7 14. Ba3 Qd8 15. Bxf8 Kxf8 $15 {är också bättre för svart}) 10...
h6 {Nu hade jag väldigt svårt att komma på en vit plan. Slutligen valde jag
bara att ställa upp mig.} 11. Qc2 (11. Rc1 $5 {
Följt av Tc2 och Da1, var ett alternativ.}) (11. a3 $5 {
Försvagar b3, men påbörjar minoritetsangrepp}) 11... Bh7 12. Rad1 a5 13. Qb1 {
Stoppar ...a4} Nd5 (13... a4 14. b4) 14. e4 {För att stoppa avbytet med ...Lf6.
Det är möjligt att jag överskattade min ställning och att jag kan tillåta
avbytet.} N5b6 15. Rfe1 $2 {
Började redan få ont om tid och chansade på att ...a4 inte skulle gå att göra.}
a4 $1 16. Re2 (16. b4 Bxb4 17. Bxg7 Bxe1 18. Bxf8 Bxf2+ 19. Kxf2 {
Här måste svart ta med kungen på f8.} Kxf8 {
Och det var här jag hade hoppats hitta nån komp, men det finns inte alls.})
16... axb3 17. axb3 Qc7 18. Bc3 Ra6 19. Ra2 Rfa8 20. Rxa6 Rxa6 21. Qb2 Bf8 $1 {
Mycket bra. Svart blockerar inte f-linjen och har då ibland ... f5. Löparen på
c3 kan också bli utsatt för hot med Sa4 nångång.} (21... Bf6 22. Bxf6 Nxf6 23.
Ra1 Rxa1+ 24. Qxa1 {Det är möjligt att vit inte kan skapa något substansiellt
här, men det är åtminstone bekvämare. Löparen på h7 är ofta ur spel i liknande
ställningar.}) 22. Nd4 $2 {Krånglar för mycket. Idén är Se2-f4-h5... Jag
gjorde draget därför att jag inte kom på något annat bra.} (22. Ra1 Rxa1+ 23.
Qxa1 Nxc4 24. bxc4 Nc5 {
tyckte jag blev lite obehagligt, så det ville jag inte spela. Men det bör jag.}
) 22... Nc5 23. Qc2 {Plan La5} Qd8 $1 24. Rd2 (24. Ba5 Rxa5 25. Nxa5 Qxd4 $19)
24... Qa8 25. h4 Nxc4 26. dxc4 (26. bxc4 Na4 $15) 26... Ra3 27. f4 {
Panik, för att stoppa ...e5. Nu står jag till råttorna.} b5 28. cxb5 cxb5 29.
f5 {Måste stänga in löparen på h7.} exf5 30. exf5 Qc8 $4 {
Oj, nu förlorar svart material.} 31. Bb2 Ra2 32. b4 Qc7 33. bxc5 Qxg3 34. Nf3
$1 {Garderar upp allt. f5 kan jag tappa.} Qf4 35. c6 {Nils regel: När du har
tidsnöd och själv står lite konstigt ska du spela på initiativ, så att
motståndaren måste försvara sig.} Bxf5 36. Qc3 b4 37. Qd4 Qg3 38. Qf2 Qc7 39.
Be5 {Nu trodde jag att jag vann torn, men det blev bara byten.} Rxd2 40. Bxc7
Rxf2 41. Kxf2 {Tidsnöden över, och vi har fått en ställning där det är mycket
oklart om jag kan vinna.} b3 42. Be5 Ba3 43. c7 (43. Kg3 b2 44. Bxb2 Bxb2 45.
Bh3 Be4 46. c7 Bb7 47. c8=Q+ Bxc8 48. Bxc8 $11) 43... b2 44. Nd2 f6 $6 (44...
Bc5+ {trodde jag på} 45. Kg3 Bb6 46. Kf4 $1 (46. Be4 Bxc7 $11) 46... Bc8 47.
Be4 {Följt av Nc4} f6 48. Bd6 g5+ 49. hxg5 hxg5+ 50. Kg3 f5 51. Bb1 f4+ 52. Kh2
$16) (44... Bb4 45. Be4 Bc8 46. Nc4 f6 47. Bh2 $16) 45. Be4 Bc5+ 46. Kf3 Bc8
47. Bh2 g5 48. Nc4 f5 49. Bd5+ Kf8 50. Nxb2 f4 51. Nc4 Ke7 52. Bc6 Ba6 53. h5
Bd6 $4 {Inte helt klart hur jag vinner annars.} 54. Nxd6 Kxd6 55. Be4 Kxc7 56.
Bg1 Kd6 57. Bd4 Bc4 58. Bg7 Bf7 59. Kg4 Be6+ 60. Bf5 Bb3 61. Bxh6 f3 62. Bf8+
Kd5 (62... Ke5 63. Bc5 f2 64. Bxf2 Bd1+ 65. Kxg5 Bxh5 66. Bg3+ $18) 63. Kxg5 f2
64. Bh3 Bc4 65. h6 Bd3 66. Kf4 Bc2 67. Ke3 Ke5 68. Bg7+ Kd6 69. Kxf2 Ke7 70.
Ke3 Kf7 71. Kf4 Kg6 72. Bg2 1-0

[Event "Eliteserien 2009-2010"]
[Site "Oslo"]
[Date "2009.11.06"]
[Round "1.3"]
[White "Dolzhikova, Olga"]
[Black "Arvola, Benjamin"]
[Result "1/2-1/2"]
[WhiteElo "2278"]
[BlackElo "2207"]
[Annotator "Axel Smith"]
[PlyCount "58"]
[EventDate "2009.??.??"]
[WhiteTeam "Akademisk"]
[BlackTeam "Kristiansund"]

1. e4 c5 2. Nf3 d6 3. d4 cxd4 4. Qxd4 Nc6 (4... a6 {rekommenderas oftast, men
Sc6 vinner ju löparparet och jag vet inte varför det vore fel}) 5. Bb5 e6 (5...
Bd7 {är vanligast, varefter man brukar ställa löparen på g7}) 6. Bxc6+ {
Jag förstår inte riktigt vits strategi...} bxc6 7. c4 Qb6 8. Be3 e5 {...e5 ser 
ut att vara ett bra drag i typställningen, men kombinationen med Db6 verkar
lite konstig eftersom vit nu får hot på damen. e5 kunde istället spelats i
förra draget.} (8... Qxd4 {jag hade spelat på slutspel med löparparet}) 9. Qd2
Qa6 10. b3 Nf6 11. Qc2 Be7 12. O-O O-O 13. h3 d5 $1 {
Innan vit har utvecklat sin sista pjäs.} 14. exd5 e4 15. Nfd2 cxd5 16. Nc3 (16.
cxd5 Nxd5 17. Qxe4 (17. Nxe4 Qg6 {hotar på h3 och vinner för svart}) 17... Bb7
$17 {med massiv kompensation}) 16... dxc4 (16... Bb7 {väntar lite med att
öppna b-linjen och försvaga e4-bonden. Svart har fler nyttiga drag genom att
ställa in tornen i centrum.}) 17. bxc4 Bf5 {och nu förflackas spelet snabbt:}
18. f3 Bb4 19. fxe4 Bxc3 20. Qxc3 Nxe4 21. Qe5 Nxd2 22. Bxd2 Bg6 23. c5 Rfe8
24. Qg3 Re2 25. Rf2 h6 26. Rxe2 Qxe2 27. Qe3 Re8 28. Qxe2 Rxe2 29. Be1 Be4 {
Bonden på c5 småfarlig, men det svarta aktiva tornet gör att vit aldrig kommer
att få någon möjlighet att komma vidare. Vits kung är dock säker efter Lf2, så
om någon skulle kunna tänkas stå bättre tycker jag det är vit. Ett bra parti
av Benjamin!} 1/2-1/2

[Event "Eliteserien 2009-2010"]
[Site "Oslo"]
[Date "2009.11.06"]
[Round "1.4"]
[White "Lundeby, Øyvind Andersen"]
[Black "Thorstensen, Trond"]
[Result "0-1"]
[WhiteElo "2212"]
[BlackElo "2259"]
[Annotator "Axel Smith"]
[PlyCount "54"]
[EventDate "2009.??.??"]
[WhiteTeam "Kristiansund"]
[BlackTeam "Akademisk"]

1. d4 Nf6 2. Nf3 d5 3. c4 e6 4. g3 Be7 5. Bg2 O-O 6. O-O Nbd7 7. Qc2 c5 $2 {
Vits plan med g3 Lg2 är att byta av både c- och d-bönderna. Dåblirlöpardiagona
len som bäst. Svart öppnar nu upp med passivt placerade pjäser (Le7, Sbd7),
vilket inte känns rätt.} 8. Rd1 Qb6 9. cxd5 Nxd5 10. Nc3 Nb4 11. Qb1 cxd4 12.
Nxd4 {Jämför nu Lg2 med Lc8.} e5 13. Nf5 Bc5 14. a3 $1 {Starkt.} Nc6 (14...
Bxf2+ 15. Kf1 Nc6 16. Nd5 Qb3 17. Rd3 {Vinner pjäs.}) 15. Nd5 Qb3 16. Be3 {
Öyvinds plan att byta av svarts utvecklade pjäser är helt rätt. Då syns
skillnaden i vitfältare tydligare.} Bxe3 17. Ndxe3 (17. Nfxe3 $1 {
Hotar att fånga damen med a4 Ta3, och stoppar Sd7 från att gå till f6.}) 17...
Nf6 18. Bxc6 $5 {Ett modigt beslut. Har inte vit kontroll över ställningen kan
löpardiagonalen lätt bli kompensation för en bonde.} bxc6 19. Ne7+ Kh8 20. Nxc6
Qb5 21. Qc2 Bb7 22. Ne7 {Vit verkar ha tillräcklig kontroll för att svart inte
ska få tid till att utnyttja diagonalen.} Be4 23. Qd2 a5 24. b4 g6 25. Qd6 Kg7
26. f3 $4 (26. N7d5 {
Hotar både e5 och f6, och vinner därmed ytterligare en bonde.}) 26... Qxe2 27.
N3d5 Ng4 {Snöpligt slut...} 0-1

[Event "Eliteserien 2009-2010"]
[Site "Oslo"]
[Date "2009.11.06"]
[Round "1.5"]
[White "Skrondal, Inge Sandstad"]
[Black "Kvisvik, Brede"]
[Result "1/2-1/2"]
[WhiteElo "2238"]
[BlackElo "2112"]
[Annotator "Axel Smith"]
[PlyCount "112"]
[EventDate "2009.??.??"]
[WhiteTeam "Akademisk"]
[BlackTeam "Kristiansund"]

1. Nf3 c5 2. c4 Nc6 3. Nc3 g6 4. g3 e5 5. Bg2 d6 6. d3 Nge7 $1 {
Svart måste vara redo att spela snabbt ...d5.} 7. Nd2 Be6 8. Nf1 {Vit genomför
springarmanövern till e3 innan han rockerar, också en standardplan.} d5 $1 9.
cxd5 Nxd5 10. Ne3 Nc7 11. Bd2 Be7 {Brede menade att han analyserat detta för
sju år sedan. Svarts ställning är lite skakig men håller den ihop kan man stå
lite bättre. Det är en smaksak om man gillar att spela såhär.} 12. Nc4 Qd7 13.
Qa4 f6 14. Rc1 Rb8 $1 {Börjar lösa problemen på damflygeln.} 15. Na5 Nd8 $1 16.
Qxd7+ Bxd7 {Jag hade tagit med kungen.} 17. Nd5 Nxd5 18. Bxd5 b6 19. Nc4 Be6
20. Ne3 Kd7 21. Bc3 Kd6 22. Bxe6 Kxe6 23. Nc4 Nc6 24. e4 Rhd8 25. Ke2 {
Brede har spelat exemplariskt och fått upp en bra ställning. Om ett par drag
fick han ett remianbud, men fick besked om att avslå och spela på vinst.} b5
26. Na5 Nxa5 27. Bxa5 Rd4 28. Bc3 Ra4 29. a3 b4 30. axb4 cxb4 31. Bd2 Ra2 32.
b3 Rb6 33. d4 $5 {Lite desperat.} exd4 34. Kd3 Rba6 (34... a5 {
följt av a4 ger svart en fribonde och goda vinstchansr}) 35. Rb1 Rc6 36. Ra1
Rcc2 37. Rxa2 Rxa2 38. Rd1 Bc5 39. Kc4 Kd6 $6 {
Att behålla fler pjäser verkar ge bättre vinstchanser.} (39... Bb6 $17) 40.
Bxb4 Rc2+ 41. Kd3 Rxf2 42. Bxc5+ Kxc5 43. Rc1+ Kb4 (43... Kd6 {skulle jag kt
med. Det känns inte troligt att man ska kunna vinna om kungen kommer på helt
fel flygel. Hellre ger jag a-bonden. Även här är det dock trolig remi.}) 44.
Rc7 a5 45. Rb7+ Kc5 46. Rc7+ Kb4 47. Rb7+ Ka3 48. Rb5 Rxh2 49. Rxa5+ Kxb3 50.
Rb5+ Ka4 51. Rb7 Rh3 52. Kc4 Ka5 53. Kxd4 Rxg3 (53... h5 54. Kc5 Ka6 55. Rb6+
Ka7 56. Rxf6 Rxg3 57. e5 {och med aktiv kung står vit inte sämre. Det är
snarare svart som kan tänkas behöva spela exakt för att få remi.}) 54. Rxh7 g5
55. Rh6 Rf3 56. Rg6 Kb4 1/2-1/2

[Event "Eliteserien 2009-2010"]
[Site "Oslo"]
[Date "2009.11.06"]
[Round "1.6"]
[White "Glenne, Bjørn-Erik"]
[Black "Briseid, Håkon"]
[Result "1/2-1/2"]
[WhiteElo "2201"]
[BlackElo "2052"]
[Annotator "Axel Smith"]
[PlyCount "46"]
[EventDate "2009.??.??"]
[WhiteTeam "Kristiansund"]
[BlackTeam "Akademisk"]

1. d4 Nf6 2. c4 c5 3. d5 b5 {Volgagambit.} 4. cxb5 a6 5. bxa6 Bxa6 6. Nc3 d6 7.
Nf3 g6 8. g3 (8. e4 Bxf1 9. Kxf1 Bg7 10. g3 {är vits andra möjlighet}) 8... Bg7
9. Bg2 O-O 10. O-O Nbd7 11. Rb1 $1 {Nu kan vit bemöta Sb6 med b3, och därmed
stoppa Lc4. Detta lilla drag har tagit udden ur volgagambit, även om Magnus
Carlsen klarade sig bra mot Aronian i World Cup...} Qa5 12. Qc2 Rfb8 13. Rd1
Ng4 14. Bd2 Nge5 15. Nxe5 Nxe5 16. b3 {Hit hade vi förberett oss} c4 {
Logiskt, nu när vit inte längre har en springare på f3 som kan hoppa via d4
till c6. Kanske borde vi preppat längre, eftersom svarts trots allt gjorde de
mest naturliga drag i drag 4-15.} 17. Ne4 cxb3 18. Rxb3 Qd8 19. Rxb8 $6 {
Med facit i hand är det lätt att säga att detta medför att vits dam inte kan
gömma sig bakom tornet.} (19. Bc3 {
men inte heller här är det säkert att vit står bättre}) 19... Rxb8 20. Bf1 Rc8
21. Qb1 Rb8 22. Qc2 Rc8 23. Qb1 Rb8 {Med sämre tid (20 min mot 50 min) och
okej ställningar på de andra brädena var det okej med remi här.} 1/2-1/2

[Event "Eliteserien 2009-2010"]
[Site "Oslo"]
[Date "2009.11.07"]
[Round "2.1"]
[White "Grandelius, Nils"]
[Black "Berg, Emanuel"]
[Result "1/2-1/2"]
[WhiteElo "2540"]
[BlackElo "2594"]
[Annotator "Axel Smith"]
[PlyCount "63"]
[EventDate "2009.??.??"]
[WhiteTeam "Kristiansund"]
[BlackTeam "OSS"]

1. e4 c5 2. Nf3 Nc6 3. d4 cxd4 4. Nxd4 Nf6 5. Nc3 g6 {
Emanuel överraskar alltid Nils med en ny öppning varje parti.} 6. Be3 Bg7 7.
Bc4 O-O 8. Bb3 a5 9. O-O a4 10. Nxa4 Nxe4 11. Nb5 d5 $5 {
Detta fick Emanuel mot sig mot en norrmann tidigare i år.} (11... Ra6 {
är normalt}) 12. c3 e6 13. f3 (13. Qe2 {spelade Emanuel}) 13... Nd6 14. Bb6 Qd7
15. Nxd6 Qxd6 16. Bc5 Qc7 17. Bxf8 (17. Bb6 Qd6 18. Bc5 {remi}) 17... Bxf8 18.
c4 {Enda som räddar springaren.} dxc4 19. Bxc4 Bd6 20. h3 (20. g3 Bxg3 21. hxg3
Qxg3+ 22. Kh1 Ra5 23. f4 {Stoppar Th5 pga Dxh5 och Tg1, men svart kan nu
antingen ta direkt remi eller försöka sätta in löparen på den långa diagonalen.
}) 20... Nd4 $1 21. Bd3 (21. Rc1 b5 22. Bd5 Qa7 23. Nc5 $1 {
verkade precis hålla för vit, enligt efteranalysen}) 21... Bd7 22. Nc3 Qb6 23.
Kh1 Qxb2 24. Ne2 Nxe2 25. Qxe2 Qf6 (25... Qxe2 26. Bxe2 Be5 27. Rad1 Rxa2 28.
Rxd7 Rxe2 29. Rxb7 Bc3 $11) 26. f4 Ra4 27. Be4 Rb4 28. Qf3 Bb5 29. Rfd1 Ba4 30.
Rf1 Bb5 {Svart ser ut att stå bra, men objektivt är ställningen jämn.} 31. Rfd1
(31. Rfb1 Rxe4 32. Qxe4 Bc6 {med fullgod komp för två kvaliteter!}) 31... Ba4
32. Rf1 1/2-1/2

[Event "Eliteserien 2009-2010"]
[Site"Oslo"]
[Date "2009.11.07"]
[Round "2.2"]
[White "Hammer, Jon Ludvig"]
[Black "Smith, Axel"]
[Result "1-0"]
[WhiteElo "2588"]
[BlackElo "2414"]
[Annotator "Axel Smith"]
[PlyCount "63"]
[EventDate "2007.06.25"]

1. d4 Nf6 2. c4 g6 3. Nc3 d5 4. Bf4 Bg7 5. e3 c5 6. dxc5 Qa5 7. Rc1 dxc4 8.
Bxc4 O-O 9. Nf3 Qxc5 10. Bb3 Nc6 11. O-O Qa5 12. h3 Bf5 13. Qe2 Ne4 14. g4 {
Endast spelat en gång tidigare. Jag kände inte till draget.} Nxc3 (14... e5 15.
Bg3 $14) 15. bxc3 Bc8 (15... Be4 16. Ng5 Bd5 17. c4 $16 {Löparen fångad}) (
15... Bd7 16. Rfd1 Rad8 {Kasimdzhanov-Svidler, vilket inte verkade ha gett
svart några större problem. Det är lite överraskande, eftersom jag tycker det
ser ut som om vit står bra här. Nästa svarta drag måste vara Lc8.} (16... Rfd8
{hotar Le8 och svart kan aldrig stå sämre} 17. Bxf7+ $1 {
Och nu såg jag ingen räddning. Bästa är:} Kxf7 18. Ng5+ Ke8 19. Qc4 e6 20. Rxd7
Rxd7 21. Qxe6+ Re7 22. Qg8+ Bf8 23. Nxh7 Rxh7 24. Qxh7 Ne7 25. Bd6 Qa6)) 16.
Rfd1 Qa3 {binder upp tornet på d1} (16... Ne5 {tänkte jag en del på} 17. Bd5 {
och det kän des som om bytet på f3 bara ökade vits utvecklingsförsprång.
Springaren på c6 är ju den pjäs jag har som står okej.} (17. Bxe5 Bxe5 18. Rd5
Qa3 {med mothot})) 17. Bc7 $2 Qc5 18. Bg3 Na5 {
det kritiska. Jag försöker bryta mig ut.} 19. Bd5 {Nu hade jag upptäckt att
Ld7 inte går, men tyckte med lite tid att jag inte kunde fortsätta spela
passivt utan gjorde det ändå.} Bd7 20. Bxb7 Ba4 $4 {
Jag glömde av Tad8, eftersom jag mest jämfört Lb5 och La4.} (20... Bb5 21. c4
Bxc4 22. Bxa8 Bxe2 23. Rxc5 Bxd1 24. Be4 $1 $18 {och springaren är fångad}) (
20... Rad8 $1 21. Be4 Ba4 22. Rxd8 Rxd8 {hade bonden stått på b6 istället för
a7 hade detta liknat "standardkomp", men även nu har jag en del kompensation.
Vit står dock bättre.}) 21. Bxa8 Bxd1 22. Rxd1 Rxa8 23. Rd7 {Nu hittade jag
inget bra sätt att stoppa Da6, Tc7 osv och samtidigt behålla kontrollen.} Rc8
24. Qa6 Bxc3 25. Rxe7 Rd8 26. Rc7 Qd5 27. Kg2 Ba1 28. Rc1 Qxa2 {eftersom jag
var helt förlorad kunde jag spela detta, även om jag inte hade tid till att
räknanågot} 29. Rxa1 Qxa1 30. Be5 Qa2 31. Qf6 Kf8 32. Qxd8# 1-0

[Event "Eliteserien 2009-2010"]
[Site "Oslo"]
[Date "2009.11.07"]
[Round "2.3"]
[White "Arvola, Benjamin"]
[Black "Johannessen, Leif Erlend"]
[Result "0-1"]
[WhiteElo "2207"]
[BlackElo "2524"]
[Annotator "Axel Smith"]
[PlyCount "62"]
[EventDate "2009.??.??"]
[WhiteTeam "Kristiansund"]
[BlackTeam "OSS"]

1. e4 Nf6 2. e5 Nd5 3. c4 Nb6 4. c5 Nd5 5. Nc3 e6 6. Nxd5 exd5 7. d4 d6 8. cxd6
cxd6 9. Bb5+ Nc6 10. Ne2 {Jag vet inte riktigt vad vits idé med denna öppning
är. Vill man pressa mot d5-bonden som är isolerad just nu känns det fel med
Lb5, eftersom alla avslag på c6 gör att den garderas.} dxe5 11. dxe5 Qa5+ 12.
Nc3 Bb4 13. O-O O-O (13... Bxc3 14. Bxc6+ (14. Qxd5 $5 {kanske är vits idé} O-O
15. Bxc6 bxc6 16. Qxc6 Ba6 17. Qxc3 Qxc3 18. bxc3 Bxf1 19. Kxf1 {
men detta ser bra ut för svart med två öppna linjer för tornen}) 14... bxc6 15.
bxc3 {jag har svårt att se att vit skulle hinna angripa g7-punkten
tillräckligt snabbt nu, så svart borde stå helt okej här}) 14. Qxd5 {Detta såg 
helt fel ut, och jag trodde att svart skulle vinna ganska snabbt nu. Men
schack är konkret, så det som ser fel ut är inte alltid fel. Ska man göra ett
sånt här drag måste man dock ha räknat väldigt noga.} Rd8 15. Qe4 Bxc3 ({t.ex.
} 15... Nd4 {plan Lf5, ser ut att ge svart väldigt bra kompensation}) 16. Bxc6
Bxe5 17. Bxb7 {Vit har vunnit bonde, men Le5 står optimalt och Lc1 har ännu
inte utvecklats. Vit kommer aldrig kunna utveckla löparen utan att tappa b2,
så detta kan endast vara bra för svart.} Rd4 {Ett överraskande drag, som
precis som Dxd5 måste beräknas noga om man ska spela det.} (17... Bxh2+ 18.
Kxh2 Qc7+ 19. Bf4 Qxb7 {och nu har vit ett starkt mellandrag som utnyttjar
plaskmatten till att tjäna utvecklingstempo} 20. Rfd1 $1 {och vit har lite
utvecklingsförsprång och en något bättre bondemajoritet (2 mot 1 är lättare
att skapa en fribonde med än 3 mot 2). Principiellt har dock svart kungen på
rätt flygel, den är mer skyddad av bönder än vits kung. Förmodligen har vit
ett iniativ som håller i ett par drag ,men sen blir det helt lika.}) (17...
Bxb7 $5 {med liten fördel svart}) 18. Bxa8 (18. Qxd4 $1 {
flyttar på svarts löpare till d4, så att kombinationen med Lxh2+ inte finns})
18... Rxe4 19. Bxe4 {Utan löparna skulle vit stå bra även om han tappade 2
bönder. Svarts chans ligger därför i att skapa någon snabb aktivitet innan vit
hunnit fullborda utvecklingen.} Ba6 20. Rd1 Bxh2+ {
Kxh2 De5+ är inga problem för vit, men Kxh2 Dh5+ är värre.} 21. Kh1 Bc7 22. Bf3
h5 (22... Qe5 23. g3 Bb7 $1 24. Bxb7 Qh5+ {vinner för svart}) 23. Be3 Qe5 24.
g3 Qf5 25. Bg2 (25. Kg2 $5 {möjliggör försvar av h2-punkten med Th1}) 25... h4
26. Rac1 $2 hxg3 27. fxg3 Qh5+ 28. Kg1 Bxg3 29. Rd8+ Kh7 30. Be4+ f5 31. Bd3
Bb7 0-1